| 000 | 00647ngm a2200253 4500 | ||
|---|---|---|---|
| 005 | 20170524103357.0 | ||
| 006 | a|||||r|||| 00| | | ||
| 008 | 160218b xxu||||| |||| 00| 0 spa d | ||
| 041 | _aspa | ||
| 082 | _a209 DVD | ||
| 100 |
_aCamargo Restrepo, Jorge _942766 |
||
| 245 | _aIntroducción al mercadeo I Vol. VII | ||
| 260 | _aMéxico | ||
| 260 | _bDacar | ||
| 260 | _c2003 | ||
| 300 | _a30 minutos | ||
| 650 |
_aMARKETING _92507 |
||
| 650 |
_aMERCADEO _9270 |
||
| 650 |
_aPRODUCTO _971 |
||
| 650 |
_aPLAN DEL MERCADEO _942795 |
||
| 650 |
_aORIENTACIÓN AL CLIENTE _942798 |
||
| 650 |
_aMERCADEO SOCIAL _91448 |
||
| 942 | _cDVD | ||
| 999 |
_c9453 _d9453 |
||